Mots qui contiennent un double C (click quiz) - Statistiques

Statistiques générales
  • Ce quiz a été pris 38 fois
  • Le résultat moyen est 5 sur 8
Statistiques - réponses
Hint Réponse % Correct
Broccciu 2
82%
Zuccchini 2
76%
Acccajou 1
70%
Picccolo 2
61%
Acccolyte 1
52%
Acccompte 1
52%
Acccacia 1
48%
Bucccal 2
39%
Aucun quiz correspondant
Distribution des résultats
% des personnes avec chaque résultat
Percentile par nombre de réponses
Votre historique - résultats
Vous n’avez pas pris ce quiz